00865nam a2200217 a 450000100100000000500170001000800410002702000150006804000250008308200130010810000460012124500500016726000540021730000360027149000500030750000730035750400320043083000570046295201110051999900170063000004261020201002040254.0140131s1997 sp ac 000 0 spa d a8437615984 aDO-SdBNPbspacBNPHU axxxbxxx1 aParanaguá, Paulo Antonio,d1948-96985810aArturo Ripstein /cPaulo Antonio Paranaguá. aMadrid :bCátedrabFilmoteca Española,c1997. a348 p. :bil., retrs. ;c18 cm.1 aSigno e imagenacineastas latinoamericanosn8 aIncluye referencias bibliográficas y notas al pie de las páginas aBibliografía : p. 315-342 0aSigno e imagenpcineastas latinoamericanosv8969859 001050718MOaGRbGRcCTd2014-01-31iLF1l0oxxx xxxp42610-10r2020-06-25w2020-06-25y1ZNo se presta c42099d42099